Ground water resources of Brazoria County, Texas, (Record no. 28336)

MARC details
000 -LEADER
fixed length control field 00891cam a22002531 4500
001 - CONTROL NUMBER
control field gs 49000048
003 - CONTROL NUMBER IDENTIFIER
control field DLC
005 - DATE AND TIME OF LATEST TRANSACTION
control field 20260227111354.0
008 - FIXED-LENGTH DATA ELEMENTS--GENERAL INFORMATION
fixed length control field 761113s1947 txu 000 0 eng
010 ## - LIBRARY OF CONGRESS CONTROL NUMBER
LC control number gs 49000048
035 ## - SYSTEM CONTROL NUMBER
System control number (OCoLC)2556786
040 ## - CATALOGING SOURCE
Original cataloging agency DLC
Transcribing agency Tx
Modifying agency OCoLC
-- DLC
042 ## - AUTHENTICATION CODE
Authentication code premarc
050 00 - LIBRARY OF CONGRESS CALL NUMBER
Classification number GB1025.T4
Item number A5 1947d
110 2# - MAIN ENTRY--CORPORATE NAME
Corporate name or jurisdiction name as entry element Texas Water Commission.
245 10 - TITLE STATEMENT
Title Ground water resources of Brazoria County, Texas,
Statement of responsibility, etc. by C. R. Follett. Prepared in cooperation with the U. S. Dept. of the Interior, Geological Survey.
260 ## - PUBLICATION, DISTRIBUTION, ETC.
Place of publication, distribution, etc. [Austin]
Date of publication, distribution, etc. 1947.
300 ## - PHYSICAL DESCRIPTION
Extent 101 l.
Other physical details fold. map.
Dimensions 27 cm.
500 ## - GENERAL NOTE
General note U.S. Geological Survey. Library for Library of Congress.
650 #0 - SUBJECT ADDED ENTRY--TOPICAL TERM
Topical term or geographic name entry element Groundwater
Geographic subdivision Texas
-- Brazoria County.
650 #0 - SUBJECT ADDED ENTRY--TOPICAL TERM
Topical term or geographic name entry element Water-supply
Geographic subdivision Texas
-- Brazoria County.
700 1# - ADDED ENTRY--PERSONAL NAME
Personal name Follett, C. R.
Fuller form of name (Clarence R.),
Dates associated with a name 1904-
710 2# - ADDED ENTRY--CORPORATE NAME
Corporate name or jurisdiction name as entry element Geological Survey (U.S.)

No items available.

Powered by Koha